000 00569nam a2200229Ia 4500
003 OSt
005 20220924143301.0
006 a|||||r|||| 00| 0
007 ta
008 220923b |||||||| |||| 00| 0 ori d
024 _a307564
037 _cTextual
040 _aARTS
_cARTS
_bORI
041 _2ORI
_aORI
082 _aO1591,3NJA,AS, K6
100 _aMohapatra
_9209748
245 0 _aAsanglagna
260 _c1966
650 _aORIYA LITERATURE
_927692
942 _hO1591,3NJA,AS, K6
_cTEXL
_2CC
999 _c453895
_d453895